Antologi puisi : tafakur rindu

Bibliographic Details
Main Author: Jamilah Harun
Other Authors: Che Jamilah A. Rahman
Format: Book
Published: Petaling Jaya : Alaf Ilmu , 2017
Series:Siri sastera pilihan baru
Subjects:

MARC

LEADER 00000cam a2200000 7i4500
001 0000228810
005 20180824.0
020 |a 9789670776422 
090 0 0 |a 899.231   |b JAM 
100 0 |a Jamilah Harun 
245 1 0 |a Antologi puisi :   |b tafakur rindu   |c Jamilah Harun, Che Jamilah A. Rahman 
260 |a Petaling Jaya :   |b Alaf Ilmu ,   |c 2017 
300 |a 116p. ;   |c 21cm. 
490 0 |a Siri sastera pilihan baru 
650 0 |a Malay poetry 
650 0 |a Sajak 
700 0 |a Che Jamilah A. Rahman 
999 |a 00363027   |b BUKU   |c PINJAMAN   |e PERPUSTAKAAN KOMUNITI PETALING JAYA